The conservation of historic buildings in Britain and The Netherlands: a comparative study (Record no. 62163)

MARC details
000 -LEADER
fixed length control field 00872cam a2200229 4500
001 - CONTROL NUMBER
control field ABS61657
008 - FIXED-LENGTH DATA ELEMENTS--GENERAL INFORMATION
fixed length control field 000000n1999 000 0 eng u
035 ## - SYSTEM CONTROL NUMBER
System control number (Sirsi) u103464
100 ## - MAIN ENTRY--PERSONAL NAME
Personal name Dann, N.
245 #4 - TITLE STATEMENT
Title The conservation of historic buildings in Britain and The Netherlands: a comparative study
260 ## - PUBLICATION, DISTRIBUTION, ETC.
Date of publication, distribution, etc. 1999
490 ## - SERIES STATEMENT
Series statement Structural Survey
Volume/sequential designation 17(4) 1999, 227-230(4)
520 ## - SUMMARY, ETC.
Summary, etc. Draws comparisons between the system of conserving historic buildings in the UK and The Netherlands. There are several important differences in the funding mechanisms which are considered here. References.
590 ## - LOCAL NOTE (RLIN)
Local note ABS
650 ## - SUBJECT ADDED ENTRY--TOPICAL TERM
Topical term or geographic name entry element HISTORIC BUILDINGS
650 ## - SUBJECT ADDED ENTRY--TOPICAL TERM
Topical term or geographic name entry element NETHERLANDS
650 ## - SUBJECT ADDED ENTRY--TOPICAL TERM
Topical term or geographic name entry element FUNDING
650 ## - SUBJECT ADDED ENTRY--TOPICAL TERM
Topical term or geographic name entry element UNITED KINGDOM
690 ## - LOCAL SUBJECT ADDED ENTRY--TOPICAL TERM (OCLC, RLIN)
Topical term or geographic name as entry element BUILT ENVIRONMENT-BUILDING MAINTENANCE AND REFURBISHMENT-BUILDING CONSERVATION
700 ## - ADDED ENTRY--PERSONAL NAME
Personal name Steel, M.
942 ## - ADDED ENTRY ELEMENTS (KOHA)
Suppress in OPAC 0
Holdings
Withdrawn status Lost status Source of classification or shelving scheme Damaged status Not for loan Home library Current library Shelving location Date acquired Total Checkouts Full call number Barcode Date last seen Copy number Price effective from Koha item type
    Dewey Decimal Classification     London London Journal article 10/01/2000   ABS61657 103464-1001 06/08/2019 1 06/08/2019 Journal article